Catholic University of Zimbabwe Library
Online Public Access Catalogue
(OPAC)

House of cards (Record no. 11844)

MARC details
000 -LEADER
fixed length control field 00285 a2200109 4500
245 ## - TITLE STATEMENT
Title House of cards
Medium print
650 ## - SUBJECT ADDED ENTRY--TOPICAL TERM
Topical term or geographic name entry element English Novel
260 ## - PUBLICATION, DISTRIBUTION, ETC.
Place of publication, distribution, etc. nyu
Name of publisher, distributor, etc. Random House
Date of publication, distribution, etc. [1967]
084 ## -
-- PZ3.E4558 Ho
300 ## - PHYSICAL DESCRIPTION
Extent 336 p. 22cm.
Other physical details 336 p. 22cm.
Dimensions 336 p. 22cm.

No items available.

OPENING HOURS

Weekdays: 0815hrs - 1800hrs
Weekends:0900hrs - 1200hrs

Closed for Mass:

Mon, Thur: 1200hrs - 1300hrs
Sunday & Public Holiday’s

CALL SUPPORT

0242-570570, 0242-570169
09200664, +263 8644140602

LOCATION

18443, Cranborne Avenue, Hatfield, Harare

Other Links


©2021 | CUZ Library